Isle of ever / Jen Calonita.
Available copies
- 2 of 2 copies available at LARL/NWRL Consortium.
- 2 of 2 copies available at Lake Agassiz Regional Library. (Show preferred library)
Current holds
0 current holds with 2 total copies.
Show Only Available Copies
| Location | Call Number / Copy Notes | Barcode | Shelving Location | Status | Due Date |
|---|---|---|---|---|---|
| Fosston Public Library | J CAL (Text) | 33500014195374 | New | Available | - |
| Hawley Public Library | J CAL (Text) | 33500014195382 | New | Available | - |
Record details
- ISBN: 9781728277035
- ISBN: 1728277035
- ISBN: 9781464234422
- ISBN: 1464234426
- Physical Description: 313 pages : map ; 22 cm
- Publisher: Naperville, Illinois : Sourcebooks, 2025.
Content descriptions
| Summary, etc.: | In order to receive her mysterious inheritance, ... Read More |
| Target Audience Note: | Ages 8-12. Sourcebooks. Grades 4-6. Sourcebooks. |
Search for related items by subject
| Genre: | Fantasy fiction. Fantasy fiction. Novels. |
Search for related items by series
| LDR | 02823cam a22006978i 4500 | ||
|---|---|---|---|
| 001 | 453680 | ||
| 003 | LARL_NWRL_CONSORTIUM | ||
| 005 | 20250425195512.0 | ||
| 008 | 241016s2025 ilub c 000 1 eng | ||
| 010 | . | ‡a 2024033695 | |
| 040 | . | ‡aDLC ‡beng ‡erda ‡cDLC ‡dIG# ‡dBDX ‡dOCLCQ ‡dYDX ‡dCCPLG ‡dSDD ‡dVRP ‡dCHY ‡dOCLCO ‡dIH9 ‡dDEERP ‡dJED ‡dOCLCQ | |
| 019 | . | ‡a1464932504 | |
| 020 | . | ‡a9781728277035 ‡q(hardcover) | |
| 020 | . | ‡a1728277035 ‡q(hardcover) | |
| 020 | . | ‡a9781464234422 ‡q(trade paperback) | |
| 020 | . | ‡a1464234426 ‡q(trade paperback) | |
| 035 | . | ‡a(OCoLC)1461743516 ‡z(OCoLC)1464932504 | |
| 042 | . | ‡apcc | |
| 082 | 0 | 0. | ‡a[Fic] ‡223 |
| 100 | 1 | . | ‡aCalonita, Jen, ‡eauthor. ‡1https://id.oclc.org/worldcat/entity/E39PBJfx7fVxQCTj6yh3Wj4wmd ‡0(LARL_NWRL_CONSORTIUM)214088 |
| 245 | 1 | 0. | ‡aIsle of ever / ‡cJen Calonita. |
| 264 | 1. | ‡aNaperville, Illinois : ‡bSourcebooks, ‡c2025. | |
| 300 | . | ‡a313 pages : ‡bmap ; ‡c22 cm | |
| 336 | . | ‡atext ‡btxt ‡2rdacontent | |
| 337 | . | ‡aunmediated ‡bn ‡2rdamedia | |
| 338 | . | ‡avolume ‡bnc ‡2rdacarrier | |
| 385 | . | ‡nage ‡aPreteens ‡0(DLC)dg2015060394 ‡2lcdgt | |
| 490 | 0 | . | ‡aIsle of Ever ; ‡v1 |
| 521 | 1 | . | ‡aAges 8-12. ‡bSourcebooks. |
| 521 | 2 | . | ‡aGrades 4-6. ‡bSourcebooks. |
| 520 | . | ‡aIn order to receive her mysterious inheritance, twelve-year-old Everly "Benny" must play--and win--a game following clues left by her ancestor. | |
| 650 | 0. | ‡aInheritance and succession ‡vJuvenile fiction. | |
| 650 | 0. | ‡aBlessing and cursing ‡vJuvenile fiction. | |
| 650 | 0. | ‡aIslands ‡vJuvenile fiction. ‡0(LARL_NWRL_CONSORTIUM)170006 | |
| 650 | 0. | ‡aGames ‡vJuvenile fiction. | |
| 650 | 0. | ‡aDiaries ‡vJuvenile fiction. ‡0(LARL_NWRL_CONSORTIUM)171810 | |
| 650 | 0. | ‡aFamily secrets ‡vJuvenile fiction. | |
| 650 | 1. | ‡aInheritance and succession ‡vFiction. ‡0(LARL_NWRL_CONSORTIUM)165197 | |
| 650 | 1. | ‡aBlessing and cursing ‡vFiction. ‡0(LARL_NWRL_CONSORTIUM)163718 | |
| 650 | 1. | ‡aIslands ‡vFiction. ‡0(LARL_NWRL_CONSORTIUM)165223 | |
| 650 | 7. | ‡aJUVENILE FICTION / Action & Adventure. ‡2bisacsh | |
| 650 | 7. | ‡aJUVENILE FICTION / Family / Multigenerational. ‡2bisacsh | |
| 650 | 7. | ‡aJUVENILE FICTION / Fantasy. ‡2bisacsh | |
| 655 | 7. | ‡aFantasy fiction. ‡2gsafd | |
| 655 | 7. | ‡aFantasy fiction. ‡2lcgft | |
| 655 | 7. | ‡aNovels. ‡2lcgft | |
| 901 | . | ‡a453680 ‡bOCoLC ‡c453680 ‡tbiblio ‡soclc | |

Add to basket
Permalink
Enable Highlighting